000 00989nim a2200265 i 4500
001 bgj
100 1 _aSWAN, Michael
245 1 0 _aLearner English :
_ba teacher's guide to interference and other problem /
_cMichael Swan, Bernard Smith.
250 _a[Reprint].
260 _aCambridge [etc.] :
_bCambridge University Press,
_c1988.
300 _a1 audio cassette.
490 1 _aCambridge Handbooks for Language Teachers / Michael Swan and Roger Bowers, general editors
500 _a1st published in 1987.
650 9 _aEnglish language
_xStudy and teaching
_xForeign speakers
650 9 _aEnglish language
_xSpoken English
650 9 _aInterference (Linguistics)
700 1 _aSMITH, Bernard.
_eco-author
830 0 _aCambridge Handbooks for Language Teachers (Michael Swan and Roger Bowers, general editors)
020 _a312533992 (pbk)
040 _cBPK
041 0 _aeng
920 _a3-12-533992 (pbk)
942 _cTM
008 s uk f |000 0 eng
999 _c50088
_d50088